00301nam a2200109Ia 4500008004100000082001500041100002200056245004400078260004300122300001000165650001600175191201s2002 xx 000 0 und d a621.3bMUB aMURUGESH Kumar, K 0aBasic Electrical Science and Technology aN.DelhibVikas Publication Housec2002 a14.10 aB.Tech(ECE)